00758nam a2200181 a 450000100100000000500170001000800410002704000250006808200160009310000340010924500640014326000760020730000200028350400720030304900090037595201750038499900170055900003218520200930063513.0110713s1952 dr 000 0 spa d aDO-SdBNPbspacBNPHU axxxxbM615r1 aMeyreles Soler, Rafael93774510aRetablos de silencio y de vigilia /cRafael Meyreles Soler. aCiudad Trujillo, República Dominicana :bImpresora Dominicana,c1952. a96 p. ;c22 cm. aIncluye referencias bibliográficas y notas al pie de las paginas. aBNMA 0010718PDaPDbPDcCTd2011-07-13iLF1l0oxxxx M615rp32185-10r2020-06-25w2020-06-25yLFPDzPerteneció a la biblioteca personal de Julio Ortega FrierZNo se presta c31676d31676